[Event "Winz- Baak- Altenessen"]
[Site "?"]
[Date "2023.02.26"]
[Round "5.4"]
[White "Groß, Michael"]
[Black "Cavasin, Joerg"]
[Result "0-1"]
[WhiteElo "1691"]
[BlackElo "1885"]
[PlyCount "68"]
[SourceDate "2022.10.02"]

1. e4 c5 2. d4 cxd4 3. c3 g6 4. Bc4 Bg7 5. Qe2 Nc6 6. Nf3 d6 7. O-O dxc3 8.
Nxc3 Nf6 9. h3 O-O 10. Rd1 Qc7 11. Bg5 Na5 12. Bd3 Be6 13. Rac1 Nc6 14. Bxf6
exf6 15. Nb5 Qe7 16. Bb1 Rfd8 17. Qe3 a6 18. Nbd4 Ne5 19. Nxe5 dxe5 20. Nxe6
Qxe6 21. Rxd8+ Rxd8 22. Kh2 Qd7 23. Qc5 Bh6 24. Rf1 Rc8 25. Qb6 Kg7 26. a3 Rc6
27. Qb3 Rd6 28. Ba2 Rd3 29. Qc2 Rd2 30. Qc3 Qb5 31. Qc7 Rd7 32. Qc4 Qxb2 33.
Rd1 Bf4+ 34. g3 Qxf2+ 0-1

[Event "Winz- Baak- Altenessen"]
[Site "?"]
[Date "2023.02.26"]
[Round "5.5"]
[White "Avgustin, Thomas"]
[Black "Franke, Wolfgang"]
[Result "0-1"]
[WhiteElo "1738"]
[BlackElo "1809"]
[PlyCount "122"]
[SourceDate "2022.10.02"]

1. e4 Nf6 2. e5 Nd5 3. d4 d6 4. Nf3 h6 5. Bd3 g5 6. Qe2 Bg7 7. Bd2 Nc6 8. exd6
cxd6 9. c3 e5 10. dxe5 dxe5 11. Bb5 O-O 12. Bxc6 bxc6 13. c4 Nf4 14. Bxf4 exf4
15. O-O g4 16. Ne1 Re8 17. Qd2 Qxd2 18. Nxd2 Bxb2 19. Rd1 f5 20. Nd3 Rb8 21.
Nxf4 Ba6 22. Rb1 Red8 23. Nb3 Be5 24. Ne6 Re8 25. Nec5 Bxc4 26. Rfe1 Bc7 27.
Nd7 Rxe1+ 28. Rxe1 Rb4 29. Nd4 Bd5 30. Nxf5 Be6 31. Ne7+ Kg7 32. Nxc6 Rb2 33.
g3 Bxd7 34. Re7+ Kf6 35. Rxd7 Bb6 36. Rd6+ Kg7 37. Nd4 Rxa2 38. Kf1 Kg8 39. Ne2
Kg7 40. Rc6 Rb2 41. Rc4 h5 42. Rf4 a5 43. Nc3 Rb4 44. Rxb4 axb4 45. Nb1 Kf6 46.
Ke2 Ke5 47. f3 Kd4 48. Nd2 Kc3 49. Ne4+ Kc2 50. Nd2 Bg1 51. fxg4 hxg4 52. Nc4
Kc3 53. Ne5 b3 54. Nd3 Bxh2 55. Nf2 Bxg3 56. Nd1+ Kb4 57. Kd2 Bf4+ 58. Kd3 g3
59. Ke2 Be5 60. Kf3 Ka3 61. Ne3 Ka2 0-1

[Event "Winz- Baak- Altenessen"]
[Site "?"]
[Date "2023.02.26"]
[Round "5.6"]
[White "Sueßmann, Holger"]
[Black "Drawe, Thomas"]
[Result "1/2-1/2"]
[WhiteElo "1595"]
[BlackElo "2069"]
[PlyCount "52"]
[SourceDate "2022.10.02"]

1. e4 d6 2. d4 Nf6 3. Nc3 c6 4. Be3 Nbd7 5. Qd2 e5 6. O-O-O Be7 7. f3 b5 8. Kb1
a6 9. g4 exd4 10. Bxd4 Ne5 11. Bxe5 dxe5 12. Qg5 Nd5 13. Qc1 Bg5 14. Rxd5 cxd5
15. Qe1 Bh4 16. Qe2 d4 17. Nd5 Bb7 18. f4 Bxd5 19. exd5 O-O 20. fxe5 Qxd5 21.
Bg2 Qc4 22. Qxc4 bxc4 23. Bxa8 Rxa8 24. Nf3 Bf2 25. Rd1 Rd8 26. c3 d3 1/2-1/2

[Event "Winz- Baak- Altenessen"]
[Site "?"]
[Date "2023.02.26"]
[Round "5.7"]
[White "Praßer, Peter"]
[Black "Kotzem, Ernst"]
[Result "0-1"]
[WhiteElo "1664"]
[BlackElo "2025"]
[PlyCount "100"]
[SourceDate "2022.10.02"]

1. e4 e5 2. Bc4 Nf6 3. d4 exd4 4. Nf3 Nxe4 5. Qxd4 Nf6 6. Nc3 Nc6 7. Qh4 Be7 8.
Bg5 O-O 9. O-O-O d6 10. Rhe1 Bf5 11. Rxe7 Qxe7 12. Nd5 Qe4 13. Nxf6+ gxf6 14.
Bd3 Qxh4 15. Bxh4 Bxd3 16. Rxd3 Rfe8 17. Bxf6 Re2 18. Rd2 Rxd2 19. Kxd2 Re8 20.
Bc3 Re4 21. h3 h6 22. b3 d5 23. a3 f5 24. g3 Kf7 25. Kd3 b6 26. Bd2 Kg6 27. Bf4
Re7 28. Nh4+ Kf6 29. Bxh6 Ne5+ 30. Kd2 Rh7 31. Be3 c5 32. f4 Nc6 33. Bf2 d4 34.
g4 fxg4 35. hxg4 Ne7 36. g5+ Ke6 37. Kd3 Nf5 38. Nf3 Rh3 39. Ke2 Kd5 40. g6 Rh6
41. Kd3 Rxg6 42. Nh4 Nxh4 43. Bxh4 Rh6 44. Bg5 Rh3+ 45. Kd2 Ke4 46. a4 a6 47.
Ke2 b5 48. axb5 axb5 49. Kd2 c4 50. bxc4 bxc4 0-1

[Event "Winz- Baak- Altenessen"]
[Site "?"]
[Date "2023.02.26"]
[Round "5.8"]
[White "Wesener, Rainer"]
[Black "Birdaini, Becir"]
[Result "0-1"]
[WhiteElo "1690"]
[BlackElo "1939"]
[PlyCount "88"]
[SourceDate "2022.10.02"]

1. d4 d5 2. Bf4 c6 3. e3 Bf5 4. c4 e6 5. Nc3 Nd7 6. Qb3 Qb6 7. c5 Qxb3 8. axb3
a6 9. b4 Rc8 10. Nf3 Ngf6 11. Nd2 Nh5 12. Bg5 Be7 13. Bxe7 Kxe7 14. Be2 Nhf6
15. f4 h6 16. O-O Ne4 17. Ndxe4 Bxe4 18. Nxe4 dxe4 19. Bd1 f5 20. Kh1 Nf6 21.
Bb3 g5 22. g3 Rcd8 23. h3 Rhg8 24. Kh2 gxf4 25. gxf4 h5 26. Rg1 h4 27. Rxg8
Rxg8 28. Rg1 Rxg1 29. Kxg1 Kd7 30. Kf2 Nd5 31. Bxd5 cxd5 32. Ke2 Kc6 33. Kd2
Kb5 34. Kc3 Ka4 35. b3+ Ka3 36. Kc2 Kxb4 37. Kb2 a5 38. Kc2 Kb5 39. Kb1 b6 40.
cxb6 Kxb6 41. Kb2 Kb5 42. Ka3 e5 43. fxe5 f4 44. e6 Kc6 0-1

[Event "Eving- Bochum 3"]
[Site "?"]
[Date "2023.02.26"]
[Round "5.1"]
[White "Niekrens, Stefan"]
[Black "Sprungala, Erik"]
[Result "1-0"]
[WhiteElo "2082"]
[BlackElo "1985"]
[PlyCount "101"]
[SourceDate "2022.10.02"]

1. e4 c5 2. Nf3 Nc6 3. Bb5 g6 4. O-O Bg7 5. Re1 e5 6. Bxc6 dxc6 7. d3 Qe7 8.
Nbd2 Nf6 9. b3 O-O 10. Bb2 Nh5 11. Nc4 f6 12. a4 a5 13. g3 Bg4 14. Ne3 Be6 15.
Nh4 Qf7 16. f3 Qc7 17. Rf1 Bh6 18. Bc1 Qd7 19. Bd2 Rad8 20. Kh1 b6 21. Rg1 Kh8
22. Qe2 Bg7 23. Bc3 Qf7 24. Raf1 f5 25. exf5 gxf5 26. Neg2 Qc7 27. f4 e4 28.
Qxh5 Bxc3 29. Ng6+ Kg8 30. Nxf8 Rxf8 31. dxe4 fxe4 32. f5 Bd5 33. Ne3 Bd4 34.
Nxd5 cxd5 35. f6 Bxg1 36. Qxd5+ Qf7 37. Qxf7+ Kxf7 38. Kxg1 Ke6 39. Rf4 Ke5 40.
Kf2 Rxf6 41. Rxf6 Kxf6 42. Ke3 Kf5 43. h3 Ke5 44. g4 Kd5 45. c4+ Ke5 46. h4 h6
47. g5 h5 48. g6 Kf6 49. Kxe4 Kxg6 50. Ke5 Kh6 51. Kf6 1-0

[Event "Eving- Bochum 3"]
[Site "?"]
[Date "2023.02.26"]
[Round "5.2"]
[White "Michalek, Franz"]
[Black "Hofer, Stefan"]
[Result "1-0"]
[WhiteElo "1896"]
[BlackElo "1767"]
[PlyCount "123"]
[SourceDate "2022.10.02"]

1. d4 Nf6 2. Nf3 g6 3. c3 Bg7 4. Bg5 d5 5. Nbd2 O-O 6. e3 Nbd7 7. Be2 Re8 8.
O-O c6 9. c4 h6 10. Bh4 g5 11. Bg3 Nh5 12. Qc2 Nxg3 13. hxg3 b6 14. cxd5 cxd5
15. Qc6 Rb8 16. Qxd5 Bb7 17. Qb3 e5 18. Bc4 Re7 19. dxe5 Nc5 20. Qc2 Rc8 21.
Qf5 Rcc7 22. b4 Bc8 23. Qb1 Nd7 24. Qd3 Qf8 25. Rac1 Nxe5 26. Nxe5 Bxe5 27. Nf3
Bg7 28. Rfd1 Bg4 29. Bb5 Rxc1 30. Rxc1 Re6 31. Qc4 Bxf3 32. gxf3 Qd6 33. Ba4
Be5 34. Kg2 Re7 35. Rd1 Qe6 36. Qc2 Kg7 37. Bb3 Qg6 38. Qc8 Rc7 39. Qe8 Bf6 40.
Rd6 Re7 41. Qc8 g4 42. Qxg4 Qxg4 43. fxg4 Bc3 44. b5 Bb4 45. Rc6 Bc5 46. Bd5
Rd7 47. e4 f6 48. a4 Bd4 49. f4 Kf8 50. Rc8+ Ke7 51. Rh8 Kd6 52. Rxh6 Kc5 53.
Bc6 Rd8 54. Rh5+ Kb4 55. Rd5 Rxd5 56. exd5 Kxa4 57. Kf3 Bc5 58. Ke4 Kb4 59. Kf5
a6 60. bxa6 b5 61. d6 Ka5 62. d7 1-0

[Event "Eving- Bochum 3"]
[Site "?"]
[Date "2023.02.26"]
[Round "5.3"]
[White "Abdullayev, Elchin"]
[Black "Krause, Dieter"]
[Result "1-0"]
[WhiteElo "1886"]
[BlackElo "2030"]
[PlyCount "76"]
[SourceDate "2022.10.02"]

1. Nf3 Nf6 2. d4 c5 3. d5 e6 4. c4 exd5 5. cxd5 d6 6. e4 Be7 7. Nc3 O-O 8. h3
Re8 9. Bd3 Na6 10. O-O Nc7 11. Nd2 a6 12. a4 Rb8 13. a5 Bd7 14. f4 Bf8 15. Nc4
Bb5 16. b3 g6 17. Bb2 Bg7 18. Qf3 Nh5 19. g4 Bd4+ 20. Kg2 Bxc4 21. bxc4 Ng7 22.
Nd1 Bxb2 23. Nxb2 b5 24. axb6 Rxb6 25. Na4 Rb4 26. e5 Qd7 27. exd6 Qxd6 28. Qf2
Nxd5 29. cxd5 Qxd5+ 30. Qf3 Qd4 31. Qd1 Ne6 32. Bc2 Nxf4+ 33. Kh1 Qc4 34. Rf3
Rbb8 35. Bb3 Qb4 36. Nxc5 Rbd8 37. Qf1 g5 38. Nxa6 Qb7 1-0

[Event "Eving- Bochum 3"]
[Site "?"]
[Date "2023.02.26"]
[Round "5.4"]
[White "Pahne, Dirk"]
[Black "Candogan, Yavus"]
[Result "1-0"]
[WhiteElo "1907"]
[BlackElo "1788"]
[PlyCount "63"]
[SourceDate "2022.10.02"]

1. e4 c5 2. g3 Nc6 3. Bg2 Nf6 4. Nc3 e6 5. Nge2 Be7 6. f4 d6 7. O-O h5 8. h3
Bd7 9. d3 Qc8 10. Kh2 g6 11. Be3 e5 12. Nd5 Nxd5 13. exd5 Nd4 14. fxe5 dxe5 15.
c4 Nf5 16. Bf2 Qc7 17. Kg1 O-O-O 18. Nc3 Rdf8 19. Ne4 Nd4 20. b4 cxb4 21. c5
Qa5 22. Bxd4 exd4 23. a3 f5 24. axb4 Qxb4 25. Rb1 Qa5 26. c6 bxc6 27. dxc6 Bxc6
28. Qc2 Qd5 29. Rfc1 Kd7 30. Nf6+ Rxf6 31. Bxd5 Bxd5 32. Qc7+ 1-0

[Event "Eving- Bochum 3"]
[Site "?"]
[Date "2023.02.26"]
[Round "5.5"]
[White "Czarnetzki, Lori"]
[Black "Krams, Amatus"]
[Result "0-1"]
[WhiteElo "1767"]
[BlackElo "1474"]
[PlyCount "66"]
[SourceDate "2022.10.02"]

1. d4 d5 2. c4 e6 3. Nc3 c5 4. e3 cxd4 5. exd4 Nc6 6. Nf3 Nf6 7. Bg5 Be7 8. Be2
O-O 9. O-O a6 10. a3 dxc4 11. Bxc4 b5 12. Ba2 Bb7 13. b4 Qc7 14. Qb3 Ng4 15.
Rfd1 Bxg5 16. h3 Bf6 17. hxg4 Qf4 18. d5 Ne5 19. Ne2 Qxg4 20. Rac1 Bxd5 21.
Rxd5 exd5 22. Nxe5 Bxe5 23. f3 Qh5 24. Qxd5 Rad8 25. Qe4 Rfe8 26. Qc2 Qh2+ 27.
Kf1 Qh1+ 28. Kf2 Qh4+ 29. Kf1 Bd4 30. Nxd4 Qxd4 31. Re1 Rxe1+ 32. Kxe1 Qg1+ 33.
Ke2 Qxg2+ 0-1

[Event "Eving- Bochum 3"]
[Site "?"]
[Date "2023.02.26"]
[Round "5.7"]
[White "Lampe, Thomas"]
[Black "Vollenberg, Joerg"]
[Result "1-0"]
[WhiteElo "1901"]
[BlackElo "1570"]
[PlyCount "71"]
[SourceDate "2022.10.02"]

1. e4 e5 2. f4 d5 3. exd5 exf4 4. Nf3 Nf6 5. c4 Bc5 6. d4 Bb4+ 7. Bd2 Qe7+ 8.
Be2 O-O 9. O-O Bxd2 10. Qxd2 Qe3+ 11. Qxe3 fxe3 12. Nc3 a6 13. Rae1 Bg4 14. Bd3
Nbd7 15. Ne5 Nxe5 16. dxe5 Nd7 17. Rxe3 Rae8 18. Rfe1 Nc5 19. Bc2 f5 20. exf6
Rxe3 21. Rxe3 Rxf6 22. h3 Bf5 23. Bxf5 Rxf5 24. b4 Nd7 25. Re8+ Rf8 26. Re7 Rf7
27. Re6 Kf8 28. Ne4 Re7 29. Ng5 h6 30. Rxe7 Kxe7 31. Ne6 Ne5 32. c5 Nd3 33. a3
c6 34. dxc6 bxc6 35. Nxg7 Kd7 36. Nf5 1-0

[Event "Kupferdreh- Linden"]
[Site "?"]
[Date "2023.02.26"]
[Round "5.1"]
[White "Hahn, Matthias"]
[Black "Krimphoff, Ingo"]
[Result "1/2-1/2"]
[WhiteElo "2088"]
[BlackElo "2047"]
[PlyCount "27"]
[SourceDate "2022.10.02"]

1. d4 d5 2. c4 c6 3. Nf3 Nf6 4. Qc2 g6 5. e3 Bf5 6. Bd3 Bxd3 7. Qxd3 Bg7 8. Nc3
O-O 9. O-O Nbd7 10. cxd5 cxd5 11. Bd2 Nb6 12. b3 a6 13. Rfc1 Qd6 14. Rc2
1/2-1/2

[Event "Kupferdreh- Linden"]
[Site "?"]
[Date "2023.02.26"]
[Round "5.2"]
[White "Praemaßing, Reiner"]
[Black "Boehm, Ingo"]
[Result "0-1"]
[WhiteElo "1850"]
[BlackElo "2177"]
[PlyCount "92"]
[SourceDate "2022.10.02"]

1. e4 d6 2. d4 Nf6 3. Nc3 g6 4. f4 Bg7 5. Nf3 O-O 6. Be2 Na6 7. O-O c5 8. e5
Nd7 9. Be3 cxd4 10. Bxd4 dxe5 11. fxe5 Ndc5 12. Bc4 Be6 13. Qe2 Bxc4 14. Qxc4
Ne6 15. Be3 Nac7 16. Rad1 Qe8 17. Ne4 b5 18. Qb3 Qc6 19. Neg5 h6 20. Nxe6 Nxe6
21. Qb4 Qxc2 22. Rd2 Qc4 23. Qxc4 bxc4 24. Rd7 Rab8 25. Rf2 Rfd8 26. Rxa7 Rd1+
27. Rf1 Rxf1+ 28. Kxf1 Rxb2 29. Rxe7 Rxa2 30. Re8+ Kh7 31. Rc8 Rc2 32. Ne1 Rc3
33. Bd2 Rb3 34. Nf3 Rb5 35. Bc3 Rc5 36. Rxc5 Nxc5 37. Ke2 g5 38. h3 Kg6 39. Ke3
Ne6 40. Nd2 Nf4 41. Kf3 Nd5 42. Bd4 c3 43. Nb3 c2 44. Nc1 Kf5 45. g4+ Ke6 46.
Nd3 Nb4 0-1

[Event "Kupferdreh- Linden"]
[Site "?"]
[Date "2023.02.26"]
[Round "5.3"]
[White "Meyer, Torsten"]
[Black "Degner, Friedhelm"]
[Result "1/2-1/2"]
[WhiteElo "2020"]
[BlackElo "1924"]
[PlyCount "30"]
[SourceDate "2022.10.02"]

1. Nf3 c5 2. c4 Nc6 3. Nc3 g6 4. g3 Bg7 5. Bg2 e6 6. O-O Nge7 7. d3 d6 8. Bd2
O-O 9. a3 f5 10. Rb1 e5 11. b4 cxb4 12. axb4 Rb8 13. Ne1 Be6 14. b5 Na5 15. Nc2
e4 1/2-1/2

[Event "Kupferdreh- Linden"]
[Site "?"]
[Date "2023.02.26"]
[Round "5.4"]
[White "Zagrabski, Kevin"]
[Black "Kandyba, Andriy"]
[Result "0-1"]
[WhiteElo "1949"]
[BlackElo "1951"]
[PlyCount "124"]
[SourceDate "2022.10.02"]

1. d4 Nf6 2. Nf3 g6 3. c3 Bg7 4. Bg5 O-O 5. Nbd2 d5 6. e3 Nbd7 7. Bd3 c5 8. O-O
Qb6 9. Rb1 e5 10. dxe5 Ng4 11. e4 Ndxe5 12. Bc2 Be6 13. h3 Nxf3+ 14. Nxf3 dxe4
15. Bxe4 Nf6 16. Bxf6 Bxf6 17. Qa4 Rad8 18. b4 c4 19. Qc2 Rd7 20. Rbd1 Rfd8 21.
Rxd7 Rxd7 22. Re1 Qd6 23. a4 Kg7 24. Qc1 h6 25. Qe3 g5 26. g4 Qf4 27. Qxf4 gxf4
28. Rc1 b6 29. Kf1 h5 30. Ke2 hxg4 31. hxg4 Kf8 32. Bf5 Bxf5 33. gxf5 Rd3 34.
Nd2 Rxc3 35. Rxc3 Bxc3 36. Nxc4 Bxb4 37. Kf3 Bc5 38. Nd2 a6 39. Ne4 Bd4 40.
Kxf4 b5 41. axb5 axb5 42. f3 f6 43. Nd2 Ke7 44. Ke4 Bc3 45. Nb3 Kd6 46. Kd3 Bb2
47. Ke4 Bc3 48. Kd3 Be1 49. Kd4 Kc6 50. Nc1 Bf2+ 51. Kc3 Bc5 52. Nb3 Kd5 53.
Nc1 b4+ 54. Kd3 Ke5 55. Kc4 Bf8 56. Nd3+ Kxf5 57. Kd5 Kg5 58. Ke6 b3 59. Nf2 b2
60. Ne4+ Kf4 61. Nd2 Bb4 62. Nb1 f5 0-1

[Event "Kupferdreh- Linden"]
[Site "?"]
[Date "2023.02.26"]
[Round "5.5"]
[White "Schmidt, Ralph"]
[Black "Stein, Daniel"]
[Result "1-0"]
[WhiteElo "1959"]
[BlackElo "1667"]
[PlyCount "71"]
[SourceDate "2022.10.02"]

1. e4 e6 2. Nc3 d5 3. exd5 exd5 4. Qf3 Nf6 5. d4 c6 6. Bd3 Bg4 7. Qg3 h5 8. f3
h4 9. Qe5+ Be6 10. Bg5 Be7 11. O-O-O Nbd7 12. Qe2 Nh5 13. Bd2 Qc7 14. Qe3 O-O-O
15. f4 g6 16. Bxg6 Nxf4 17. Bxf7 Bxf7 18. Qxf4 Qxf4 19. Bxf4 Bf6 20. Nf3 Bh5
21. Rhf1 Rhg8 22. Rd2 Rde8 23. g3 hxg3 24. hxg3 Bxf3 25. Rxf3 Re1+ 26. Nd1 Re4
27. c3 Bg5 28. Bxg5 Rxg5 29. Rh2 Reg4 30. Rh7 Rg7 31. Rxg7 Rxg7 32. Ne3 Rg6 33.
Nf5 Kd8 34. Kd2 Nf6 35. Nd6 Kc7 36. Rxf6 1-0

[Event "Kupferdreh- Linden"]
[Site "?"]
[Date "2023.02.26"]
[Round "5.6"]
[White "Bendel, Ruediger"]
[Black "Hochstein, Udo"]
[Result "0-1"]
[WhiteElo "1962"]
[BlackElo "2013"]
[PlyCount "62"]
[SourceDate "2022.10.02"]

1. e4 c5 2. Nf3 e6 3. Nc3 Nc6 4. Bb5 Qc7 5. b3 Nf6 6. Qe2 a6 7. Bxc6 Qxc6 8.
Ne5 Qc7 9. Ng4 Be7 10. Bb2 O-O 11. Nd1 Nxg4 12. Qxg4 f6 13. f4 Qc6 14. d3 d5
15. O-O dxe4 16. dxe4 Qxe4 17. Nf2 Qxc2 18. Nd1 e5 19. f5 Rd8 20. Rc1 Qd3 21.
Rf3 Qe2 22. Qc4+ Qxc4 23. bxc4 b5 24. Ne3 Bb7 25. Rf2 Rd3 26. Re2 Rad8 27. Rcc2
Kf7 28. Bc1 Be4 29. Kf2 g6 30. g4 gxf5 31. Nxf5 Rf3+ 0-1

[Event "Kupferdreh- Linden"]
[Site "?"]
[Date "2023.02.26"]
[Round "5.7"]
[White "Pappert, Thomas"]
[Black "Wuthcke, Dieter"]
[Result "1/2-1/2"]
[WhiteElo "1803"]
[BlackElo "1908"]
[PlyCount "85"]
[SourceDate "2022.10.02"]

1. c4 c5 2. Nc3 g6 3. e4 Bg7 4. f4 d6 5. Nf3 Nc6 6. d3 Nf6 7. Be2 O-O 8. O-O
Bd7 9. Rb1 Ng4 10. h3 Nf6 11. Be3 a6 12. a4 Nh5 13. Kh2 Nd4 14. Ng1 Nxe2 15.
Ngxe2 Bc6 16. g4 Nf6 17. Nd5 Nd7 18. b4 e6 19. Ndc3 cxb4 20. Rxb4 Qa5 21. Qb1
Nc5 22. Na2 Nxa4 23. d4 b5 24. d5 Bd7 25. Rc1 Rfc8 26. Nd4 Nc5 27. Nb3 Nxb3 28.
Qxb3 Qd8 29. cxb5 Rxc1 30. Nxc1 axb5 31. Ne2 Qa5 32. Nd4 Qa1 33. Nc2 Ra2 34.
Kg3 Rxc2 35. Qxc2 Qe1+ 36. Kf3 Qxb4 37. Qc7 Be8 38. Qe7 Bd4 39. dxe6 fxe6 40.
Qxe8+ Kg7 41. Qe7+ Kg8 42. Qxe6+ Kg7 43. Qe7+ 1/2-1/2

[Event "Kupferdreh- Linden"]
[Site "?"]
[Date "2023.02.26"]
[Round "5.8"]
[White "Jarosz, Kamil"]
[Black "Knackstedt, Ulf"]
[Result "1/2-1/2"]
[WhiteElo "1655"]
[BlackElo "1753"]
[PlyCount "82"]
[SourceDate "2022.10.02"]

1. e4 d6 2. d4 Nf6 3. Nc3 Nc6 4. Nf3 Bg4 5. Be2 e5 6. dxe5 dxe5 7. Bg5 Bxf3 8.
Bxf3 Qxd1+ 9. Rxd1 Bb4 10. Rd3 Nd4 11. a3 Bxc3+ 12. Rxc3 c6 13. Bxf6 gxf6 14.
O-O Rg8 15. Bd1 Rd8 16. Rd3 Ne6 17. Rxd8+ Kxd8 18. c3 Ke7 19. Bc2 Rd8 20. Rd1
Rxd1+ 21. Bxd1 Nc5 22. Bc2 Ne6 23. f3 c5 24. Kf2 c4 25. Ke3 Kd6 26. Ba4 Nc7 27.
f4 b5 28. Bc2 a5 29. Bd1 Na6 30. b4 axb4 31. axb4 Nc7 32. Bh5 Ke7 33. Bg4 Ne6
34. g3 h6 35. Bxe6 exf4+ 36. gxf4 fxe6 37. e5 fxe5 38. fxe5 Kd7 39. Ke4 Kc6 40.
h3 Kb6 41. h4 Kc6 1/2-1/2

[Event "FS Dortmund 1 - SC Gerthe - Werne 1"]
[Site "Verbandsklasse, Gr. 3 2022/20"]
[Date "2023.02.26"]
[Round "5.1"]
[White "Quast, Marcel"]
[Black "Khess, Igor"]
[Result "1-0"]
[WhiteElo "2210"]
[BlackElo "1989"]
[PlyCount "85"]
[EventDate "2023.??.??"]
[SourceDate "2022.10.02"]
[WhiteTeam "SC Gerthe - Werne 1"]
[BlackTeam "FS Dortmund 1"]

1. e4 b6 2. d4 Bb7 3. Bd3 e6 4. c3 g6 5. f4 f5 6. Nd2 Nf6 7. Qe2 fxe4 8. Nxe4
Bg7 9. Nf3 Qe7 10. Bd2 Nxe4 11. Bxe4 Nc6 12. O-O-O O-O-O 13. h4 Rdg8 14. h5 Qe8
15. h6 Bf6 16. g4 Rf8 17. Rhe1 Rhg8 18. Qd3 Qd8 19. d5 exd5 20. Bxd5 Rh8 21. g5
Be7 22. Nh4 Kb8 23. Qe4 Bd6 24. Rf1 Re8 25. Qg2 Na5 26. f5 Bxd5 27. Qxd5 gxf5
28. Nxf5 Re6 29. Rde1 Rhe8 30. Nxd6 Rxd6 31. Qf7 Rh8 32. Rf5 Nc6 33. Bf4 Rg6
34. b4 a6 35. a4 Qc8 36. b5 axb5 37. axb5 Nd8 38. Qd5 Re6 39. Rxe6 dxe6 40. Qd4
exf5 41. Qxh8 Qd7 42. g6 hxg6 43. Bg5 1-0

[Event "FS Dortmund 1 - SC Gerthe - Werne 1"]
[Site "Verbandsklasse, Gr. 3 2022/20"]
[Date "2023.02.26"]
[Round "5.2"]
[White "Mewes, Karsten"]
[Black "Brüggestraß, Volker"]
[Result "0-1"]
[WhiteElo "1954"]
[BlackElo "2021"]
[PlyCount "29"]
[EventDate "2023.??.??"]
[SourceDate "2022.10.02"]
[WhiteTeam "FS Dortmund 1"]
[BlackTeam "SC Gerthe - Werne 1"]

1. Nf3 Nf6 2. c4 g6 3. Nc3 d5 4. cxd5 Nxd5 5. e4 Nxc3 6. dxc3 Qxd1+ 7. Kxd1 f6
8. Bc4 Nc6 9. h3 e5 10. Be3 Na5 11. Be2 Be6 12. Nd2 Rd8 13. Kc2 b6 14. b4 Nb7
15. Bc4 0-1

[Event "FS Dortmund 1 - SC Gerthe - Werne 1"]
[Site "Verbandsklasse, Gr. 3 2022/20"]
[Date "2023.02.26"]
[Round "5.3"]
[White "Gottmann, Bernd"]
[Black "Schulz, Oliver"]
[Result "1-0"]
[WhiteElo "1952"]
[BlackElo "1922"]
[PlyCount "155"]
[EventDate "2023.??.??"]
[SourceDate "2022.10.02"]
[WhiteTeam "SC Gerthe - Werne 1"]
[BlackTeam "FS Dortmund 1"]

1. d4 Nf6 2. c4 e6 3. Nc3 Bb4 4. e3 O-O 5. Nge2 d5 6. a3 Be7 7. Nf4 c6 8. Be2
dxc4 9. Bxc4 Nd5 10. e4 Nxc3 11. bxc3 e5 12. Ne2 Qa5 13. O-O b5 14. Ba2 Rd8 15.
Qb3 Be6 16. d5 cxd5 17. exd5 Bxd5 18. Qxd5 Rxd5 19. Bxd5 Nc6 20. Bxc6 Rc8 21.
Be4 Qa4 22. Bf5 Rc6 23. Be3 g6 24. Bh3 f5 25. g3 Qc4 26. Rfe1 a5 27. Bf1 Qa4
28. Red1 g5 29. f3 f4 30. Bf2 Bxa3 31. Rd8+ Kg7 32. Re8 Kf6 33. gxf4 gxf4 34.
Bh4+ Kf7 35. Re7+ Kf8 36. Kh1 b4 37. Rxe5 Qc2 38. Rxa5 Qb2 39. Rd1 bxc3 40.
Rd8+ Kg7 41. Rd7+ Kg8 42. Ra8+ Bf8 43. Rdd8 c2 44. Rxf8+ Kg7 45. Rg8+ Kf7 46.
Nxf4 Qb4 47. Raf8+ Qxf8 48. Rxf8+ Kxf8 49. Nd3 c1=Q 50. Nxc1 Rxc1 51. Kg2 Kg7
52. Bg5 Rc5 53. Be3 Rd5 54. Bc4 Rd1 55. h4 Rd6 56. h5 h6 57. Kg3 Rd8 58. Kg4
Rd6 59. Bc5 Rd8 60. Kf5 Rd1 61. Be7 Rg1 62. Bf6+ Kh7 63. Bf7 Rb1 64. Be5 Rb6
65. f4 Ra6 66. Be6 Rb6 67. Bf7 Ra6 68. Bg6+ Kg8 69. Ke4 Kf8 70. f5 Ra4+ 71. Bd4
Ke7 72. f6+ Ke6 73. f7 Ke7 74. Kd5 Ra5+ 75. Bc5+ Rxc5+ 76. Kxc5 Kf8 77. Kd6 Kg7
78. Ke7 1-0

[Event "FS Dortmund 1 - SC Gerthe - Werne 1"]
[Site "Verbandsklasse, Gr. 3 2022/20"]
[Date "2023.02.26"]
[Round "5.4"]
[White "Alghawi, Abdullah"]
[Black "Löffelbein, Klaus"]
[Result "1-0"]
[WhiteElo "1883"]
[BlackElo "1834"]
[PlyCount "45"]
[EventDate "2023.??.??"]
[SourceDate "2022.10.02"]
[WhiteTeam "FS Dortmund 1"]
[BlackTeam "SC Gerthe - Werne 1"]

1. Nf3 Nf6 2. g3 b6 3. Bg2 Bb7 4. O-O d6 5. d3 Nbd7 6. e4 e5 7. Nh4 g6 8. f4
Bg7 9. f5 O-O 10. Nc3 a6 11. Bg5 Qe8 12. Qd2 c6 13. Bh6 Rd8 14. Qg5 Nh5 15.
Bxg7 Kxg7 16. fxg6 hxg6 17. Nf5+ Kg8 18. Nxd6 Qe6 19. Nxf7 Rxf7 20. Qxd8+ Kg7
21. Rxf7+ Qxf7 22. Qc7 Ndf6 23. Qxe5 1-0

[Event "FS Dortmund 1 - SC Gerthe - Werne 1"]
[Site "Verbandsklasse, Gr. 3 2022/20"]
[Date "2023.02.26"]
[Round "5.5"]
[White "Boost, Jürgen"]
[Black "Brendemühl, Bernd"]
[Result "0-1"]
[WhiteElo "1813"]
[BlackElo "1939"]
[PlyCount "26"]
[EventDate "2023.??.??"]
[SourceDate "2022.10.02"]
[WhiteTeam "SC Gerthe - Werne 1"]
[BlackTeam "FS Dortmund 1"]

1. e4 c5 2. c3 d5 3. exd5 Qxd5 4. d4 Nf6 5. Nf3 Bg4 6. Be2 e6 7. O-O Nc6 8. h3
Bh5 9. Be3 cxd4 10. cxd4 Be7 11. Nc3 Qa5 12. Ne5 Bxe2 13. Nxc6 Qxc3 0-1

[Event "FS Dortmund 1 - SC Gerthe - Werne 1"]
[Site "Verbandsklasse, Gr. 3 2022/20"]
[Date "2023.02.26"]
[Round "5.6"]
[White "Grube, JÃ¶rg"]
[Black "Meise, Ulrich"]
[Result "1-0"]
[WhiteElo "1825"]
[BlackElo "1757"]
[PlyCount "61"]
[EventDate "2023.??.??"]
[SourceDate "2022.10.02"]
[WhiteTeam "FS Dortmund 1"]
[BlackTeam "SC Gerthe - Werne 1"]

1. e4 e5 2. Nf3 Nf6 3. Nxe5 d6 4. Nf3 Nxe4 5. d4 d5 6. Bd3 Bf5 7. O-O Be7 8.
Re1 O-O 9. c4 c6 10. Qb3 b6 11. cxd5 cxd5 12. Nc3 Nc5 13. dxc5 Bxd3 14. Nxd5
Bxc5 15. Qxd3 Nc6 16. Be3 Bxe3 17. Rxe3 Kh8 18. Qd2 Na5 19. b3 Rc8 20. Rd1 Nb7
21. Kf1 h6 22. b4 Rc6 23. Nc3 Qb8 24. Rd3 Rfc8 25. g3 Rc4 26. a3 a5 27. bxa5
Nxa5 28. Rd8+ Kh7 29. Qd3+ g6 30. Nb5 Nb7 31. Qxc4 1-0

[Event "FS Dortmund 1 - SC Gerthe - Werne 1"]
[Site "Verbandsklasse, Gr. 3 2022/20"]
[Date "2023.02.26"]
[Round "5.7"]
[White "Al Zoubi, Ahmad"]
[Black "Schulz-Runge, Michael"]
[Result "0-1"]
[WhiteElo "1600"]
[BlackElo "1807"]
[PlyCount "107"]
[EventDate "2023.??.??"]
[SourceDate "2022.10.02"]
[WhiteTeam "SC Gerthe - Werne 1"]
[BlackTeam "FS Dortmund 1"]

1. e4 c5 2. Nf3 a6 3. c3 d5 4. exd5 Nf6 5. d4 cxd4 6. Nxd4 Qxd5 7. Be2 Qxg2 8.
Bf3 Qh3 9. Bf4 Qd7 10. Nd2 Nd5 11. Bg3 Nc6 12. Nc4 Ra7 13. Nxc6 bxc6 14. Ne5
Qb7 15. Nxc6 Qxc6 16. Bxd5 Qb6 17. Qe2 Rd7 18. O-O-O Rxd5 19. Rxd5 Bb7 20. Rhd1
Bxd5 21. Rxd5 e6 22. Be5 f6 23. Bd4 Qc6 24. Ra5 Be7 25. Rxa6 Qh1+ 26. Kc2 e5
27. Qb5+ Kf7 28. Qc4+ Kg6 29. Bxe5 Rd8 30. Qg4+ Kf7 31. Qe6+ Kf8 32. Bd4 Qg1
33. Qe4 Qxh2 34. Ra8 Rxa8 35. Qxa8+ Kf7 36. Qb7 Qh5 37. Qe4 Qb5 38. b4 h5 39.
Kb3 g6 40. a4 Qf1 41. a5 Qd1+ 42. Kc4 Qf1+ 43. Qd3 Qh1 44. b5 Qa1 45. Bb6 Qa2+
46. Kd4 Qxf2+ 47. Qe3 Qb2 48. Qd3 h4 49. Qc4+ Kg7 50. Bc7 h3 51. Qe6 Qd2+ 52.
Ke4 Qe2+ 53. Kd5 Qxb5+ 54. Ke4 0-1

[Event "FS Dortmund 1 - SC Gerthe - Werne 1"]
[Site "Verbandsklasse, Gr. 3 2022/20"]
[Date "2023.02.26"]
[Round "5.8"]
[White "Schläger, Reiner"]
[Black "Wüllner, Robin"]
[Result "0-1"]
[WhiteElo "1593"]
[BlackElo "1525"]
[PlyCount "66"]
[EventDate "2023.??.??"]
[SourceDate "2022.10.02"]
[WhiteTeam "FS Dortmund 1"]
[BlackTeam "SC Gerthe - Werne 1"]

1. e4 e5 2. Nf3 Nc6 3. Bb5 a6 4. Ba4 Bc5 5. O-O d6 6. c3 Bg4 7. Bb3 Qf6 8. d3
h6 9. Be3 Bb6 10. Nbd2 Nge7 11. Bxb6 cxb6 12. Nc4 b5 13. Ne3 Bh5 14. Bd5 O-O
15. Kh1 Rac8 16. g4 Bg6 17. Rg1 Qf4 18. Ng2 Qxg4 19. Ngh4 Qh5 20. Rg3 Nxd5 21.
Nxg6 Nxc3 22. bxc3 fxg6 23. Qb3+ Kh7 24. Rag1 Rxf3 25. Rxg6 Rc7 26. Qd1 Rh3 27.
Qxh5 Rxh5 28. Rxd6 b4 29. cxb4 Nxb4 30. a3 Nc6 31. Rc1 Rg5 32. h3 Rf7 33. Rc2
Nd4 0-1